All-Ireland Senior Football Championship Top Scorers - Statistics

General Stats
  • This quiz has been taken 13 times
  • The average score is 13 of 38
Answer Stats
Rank Player Team Goals Points Tally Games % Correct
1 Cillian O'Connor Mayo 34 367 469 75
100%
6 David Clifford Kerry 22 222 288 45
89%
2 Colm Cooper Kerry 23 283 352 85
78%
3 Dean Rock Dublin 13 292 331 63
78%
23 Peter Canavan Tyrone 9 192 219 58
78%
9 Seán O'Shea Kerry 7 254 275 46
78%
11 Bernard Brogan Dublin 21 197 260 59
67%
4 Conor McManus Monaghan 9 288 315 72
67%
7 Michael Murphy Donegal 4 275 287 75
67%
30 Con O'Callaghan Dublin 19 138 195 56
56%
15 Maurice Fitzgerald Kerry 12 205 241 45
44%
18 Oisín McConville Armagh 11 197 230 52
44%
10 Pádraic Joyce Galway 12 229 265 66
44%
34 Pat Spillane Kerry 19 123 180 56
44%
16 Shane Walsh Galway 9 211 238 57
44%
36 Ciarán Kilkenny Dublin 7 154 175 80
33%
26 Cormac Costello Dublin 10 174 204 59
33%
8 John Doyle Kildare 8 258 282 67
33%
20 Barney Rock Dublin 16 181 229 39
22%
32 Matt Connor Offaly 13 142 181 26
22%
5 Mikey Sheehy Kerry 29 205 292 49
22%
12 Paddy Bradley Derry 17 202 253 44
22%
28 Paul Geaney Kerry 16 153 201 61
22%
25 Seán Cavanagh Tyrone 9 181 208 89
22%
17 Brian Stafford Meath 9 206 233 41
11%
29 Colin Corkery Cork 5 182 197 32
11%
31 Dara O'Cinneide Kerry 11 149 182 54
11%
37 Declan Browne Tipperary 9 141 168 25
11%
33 John Heslin Westmeath 4 168 180 38
11%
27 Paddy Doherty Down 15 158 203 48
11%
13 Steven McDonnell Armagh 18 197 251 67
11%
14 Darren McCurry Tyrone 5 227 242 66
0%
38 David Tubridy Clare 9 140 167 43
0%
35 Donal Kingston Laois 7 158 179 44
0%
21 Jimmy Keaveney Dublin 15 182 227 42
0%
19 Patrick McBrearty Donegal 9 202 229 78
0%
24 Ross Munnelly Laois 7 190 211 79
0%
22 Tony McTague Offaly 4 210 222 37
0%
No matching quizzes found
Score Distribution
Percent of People with Each Score
Percentile by Number Answered
Your Score History
You have not taken this quiz